Statistics for 4 Letter Countries

Click here to take the quiz!

General Stats

  • This quiz has been taken 52 times
  • The average score is 6 of 10

Answer Stats

HintAnswer% Correct
North AmericaCuba
85%
South AmericaPerú
79%
AfricaTogo
79%
AfricaChad
77%
AsiaIrán
71%
AsiaLaos
71%
AfricaMalí
71%
AsiaOmán
69%
AsiaIrak
17%
OceaniaFiyi
6%

Score Distribution

Percentile by Number Answered

Percent of People with Each Score

Your Score History

You have not taken this quiz